• 首页
  • 本馆介绍
  • 公告通知
  • 最新文献
  • 馆藏检索
  • 电子资源
  • 读者导购
  • 参考咨询
  • 我的图书馆
  • 登录
  • 详细信息显示
  • 放入我的书架
  • 预约/预借图书
  • 作者相关作品
  • 分类相关作品
  • 丛书相关作品
  • 出版社相关作品

书目信息

  • 表格格式
  • 工作单格式
  • 卡片格式
题名:
PageMaker 专业排版技术与实例分析
    
 
作者: 孙江宏 编著
分册:  
出版信息: 北京   清华大学出版社  2001.11
页数: 315页
开本: 26cm
丛书名:
单 册:
中图分类: TP317.2
科图分类:
主题词: 桌面印刷系统--基本知识 , 文字处理系统--基本知识
电子资源:
ISBN: 7-302-04930-0
000 00876nam0 2200253 45
001 012004015900
005 20040831101006.0
010    @a7-302-04930-0@dCNY28.00
100    @a20041110d2001 ekmy0chiy50 ea
101 0  @achi
102    @aCN@b110000
105    @af z 000yy
200 1  @aPageMaker 专业排版技术与实例分析@APageMaker zhuan ye pai ban ji shu yu shi li fen xi@f孙江宏等编著@Fsun jiang hong deng bian zhu
210    @a北京@c清华大学出版社@d2001.11
215    @a315页@c图表@d26cm
330    @a全书内容包括桌面印刷系统的概念以及PageMaker 6.5C的功能、操作环境、文本编辑、图形对象管理、表格程序处理等。
333    @a办公室人员
606 0  @a桌面印刷系统@x基本知识
606 0  @a文字处理系统@x基本知识
690    @aTP317.2@v4
701  0 @a孙江宏@Asun jiang hong@4编著
801  0 @aCN@bBZT@c20041110
905    @aBZT@dTP317.2@e1@f10
906    @dCNY28.00@n0@r1
    
    PageMaker 专业排版技术与实例分析/孙江宏等编著.-北京:清华大学出版社,2001.11
    315页:图表;26cm
    使用对象:办公室人员
    
    ISBN 7-302-04930-0:CNY28.00
    全书内容包括桌面印刷系统的概念以及PageMaker 6.5C的功能、操作环境、文本编辑、图形对象管理、表格程序处理等。
●
相关链接 在五车中查询图书 在当当中查询图书 在豆瓣中查询图书


正题名:PageMaker 专业排版技术与实例分析     索取号:TP317.2/1         预约/预借

序号 登录号 条形码 馆藏地/架位号 状态 备注
1 0373182   200922715   样本书库/样003架A面4层1列/ [索取号:TP317.2/1] 在馆    
2 0373183   200922680   中心书库中库/ 中库027架A面3列5层23/ [索取号:TP317.2/1] 在馆    
3 0373184   200922699   中心书库中库/ 中库027架A面3列5层26/ [索取号:TP317.2/1] 在馆    
4 0373185   200922662   中心书库中库/ 中库027架A面3列5层28/ [索取号:TP317.2/1] 在馆    
5 0373186   200922671   中心书库中库/ 中库027架A面3列5层30/ [索取号:TP317.2/1] 在馆    
6 0373187   200922644   中心书库中库/ 中库027架A面3列5层27/ [索取号:TP317.2/1] 在馆    
7 0373188   200922653   中心书库中库/ 中库027架A面3列5层21/ [索取号:TP317.2/1] 在馆    
8 0373189   200922626   中心书库中库/ 中库027架A面3列5层22/ [索取号:TP317.2/1] 在馆    
9 0373190   200922635   中心书库中库/ 中库027架A面3列5层25/ [索取号:TP317.2/1] 在馆    
10 0373191   200922608   中心书库中库/ 中库027架A面3列5层24/ [索取号:TP317.2/1] 在馆    
山东省滨州职业学院图书馆 欢迎您!
大连网信软件有限公司© 版权所有